000 00599nam a2200217u 4500
001 000009629
005 20200929161640.0
008 810915s1966 mx 000 0 spa
010 _a65076281
040 _aDO-SdBNP
_cCarP
_dDLC
_dBNPHU
082 _aM863.44
_bS765c, 1966
100 1 _aSpota, Luis.
_924477
245 1 3 _aLa carcajada del gato /
_cLuis Spota.
250 _a2a ed.
260 _aMexico] :
_bJ. M[ortiz,
_c1966.
300 _a406 p. ;
_c20 cm.
650 4 _aNovela mexicana
_93959
650 4 _aLiteratura mexicana
_91922
910 _aCatalogación por copia / LC
049 _aBNGR
999 _c9389
_d9389